[Event "Elista ol (Men)"]
[Site "Elista"]
[Date "1998.10.01"]
[Round "3"]
[White "Kelly, Bryan"]
[Black "Poddubny, Viktor"]
[Result "1-0"]
[WhiteElo "2405"]
[BlackElo "2290"]

1.d4 Nf6 2.c4 e6 3.Nc3 Bb4 4.Qc2 O-O 5.a3 Bxc3+ 6.Qxc3 b6 7.Bg5 c5 8.dxc5 bxc5
9.e3 h6 10.Bxf6 Qxf6 11.Qxf6 gxf6 12.O-O-O Nc6 13.Ne2 f5 14.Nc3 Rd8 15.h3 h5
16.g4 hxg4 17.hxg4 fxg4 18.Ne4 f5 19.Nxc5 d6 20.Bg2 dxc5 21.Rxd8+ Nxd8 22.Bxa8 a5
23.Kc2 Nf7 24.Kc3 Kg7 25.Rd1 Kf6 26.b4 axb4+ 27.axb4 cxb4+ 28.Kxb4 e5 29.c5 f4
30.c6 Kg5 31.Bb7 Be6 32.c7 fxe3 33.fxe3 Kf5 34.Bd5  1-0

[Event "Elista ol (Men)"]
[Site "Elista"]
[Date "1998.10.03"]
[Round "5"]
[White "Nogueiras, Jesus"]
[Black "Kengis, Edvins"]
[Result "1-0"]
[WhiteElo "2510"]
[BlackElo "2570"]

1.d4 Nf6 2.c4 e6 3.Nc3 Bb4 4.Qc2 O-O 5.a3 Bxc3+ 6.Qxc3 Ne4 7.Qc2 f5 8.g3 b6
9.Bg2 Bb7 10.Nf3 Nf6 11.O-O Be4 12.Qd2 Qe8 13.b4 d6 14.Bb2 Nbd7 15.Rfc1 a5
16.Bf1 Bb7 17.d5 axb4 18.axb4 Rxa1 19.Bxa1 exd5 20.cxd5 Nxd5 21.Ng5 b5 22.Bg2 N7b6
23.Qd4 Rf6 24.Qd3 Rf8 25.e4 h6 26.exd5 hxg5 27.Rxc7 Qe1+ 28.Qf1 Qxf1+ 29.Bxf1 Rf7
30.Rxf7 Kxf7 31.Bxb5 Nxd5 32.Bc4 Kg6 33.b5 g4 34.Kf1 Nf6 35.Ke2 Nd7 36.Kd3 Ne5+
37.Bxe5 dxe5 38.Be6 Kf6 39.Bd7 g6 40.Kc4 Bf3 41.Bc6 Ke7 42.Bxf3 gxf3 43.Kd5 e4
44.Kd4 g5  1-0

[Event "Elista ol (Men)"]
[Site "Elista"]
[Date "1998.10.03"]
[Round "5"]
[White "Alzate, Dario"]
[Black "Hall, Jesper"]
[Result "1/2-1/2"]
[WhiteElo "2390"]
[BlackElo "2485"]

1.d4 Nf6 2.c4 e6 3.Nc3 Bb4 4.Qc2 O-O 5.a3 Bxc3+ 6.Qxc3 Ne4 7.Qc2 f5 8.Nh3 d6
9.e3 e5 10.f3 Nf6 11.dxe5 dxe5 12.Be2 Qe7 13.O-O a5 14.b3 Nc6 15.Nf2 Be6
16.Bb2 Nd7 17.Nd3 Rad8 18.Rad1 Qf7 19.Rc1 Qe7 20.Rcd1 Qf7  1/2-1/2

[Event "Trenque Lauquen Masters"]
[Site "Buenos Aires"]
[Date "1998.10.05"]
[Round "?"]
[White "Llanos, Guillermo"]
[Black "Diaz, Nahuel"]
[Result "1/2-1/2"]
[WhiteElo "2425"]
[BlackElo "2355"]

1.d4 Nf6 2.c4 e6 3.Nc3 Bb4 4.Qc2 O-O 5.a3 Bxc3+ 6.Qxc3 b6 7.Nf3 c5 8.dxc5 bxc5
9.g3 Bb7 10.Bg2 a5 11.O-O d6 12.Rd1 Nbd7 13.Bf4 Ra6 14.Qc2 Qe7 15.Ne1 Rb8
16.Nd3 a4 17.Rab1 Bxg2 18.Kxg2 e5 19.Bg5 Rba8  1/2-1/2

[Event "Elista ol (Men)"]
[Site "Elista"]
[Date "1998.10.05"]
[Round "7"]
[White "Lalic, Bogdan"]
[Black "Lesiege, Alexandre"]
[Result "1/2-1/2"]
[WhiteElo "2560"]
[BlackElo "2525"]

1.d4 Nf6 2.c4 e6 3.Nc3 Bb4 4.Qc2 O-O 5.e4 d5 6.e5 Ne4 7.Bd3 c5 8.cxd5 exd5
9.Ne2 Nc6 10.O-O Bf5 11.Nxe4 dxe4 12.Bxe4 Nxd4 13.Nxd4 Bxe4 14.Qxe4 Qxd4
15.Qxb7  1/2-1/2

[Event "Elista ol (Men)"]
[Site "Elista"]
[Date "1998.10.05"]
[Round "7"]
[White "Jacimovic, Dragoljub"]
[Black "Damaso, Rui"]
[Result "1/2-1/2"]
[WhiteElo "2490"]
[BlackElo "2430"]

1.d4 Nf6 2.c4 e6 3.Nc3 Bb4 4.Qc2 O-O 5.Nf3 c5 6.dxc5 Na6 7.Bd2 Nxc5 8.a3 Bxc3
9.Bxc3 Nce4 10.Bxf6 Nxf6 11.e4 d6 12.Bd3 e5 13.O-O Be6 14.b3 Rc8 15.a4 a5  1/2-1/2

[Event "Budapest FS10 IM-B"]
[Site "Budapest"]
[Date "1998.10.06"]
[Round "4"]
[White "Ippolito, Dean"]
[Black "Jakab, Attila"]
[Result "1/2-1/2"]
[WhiteElo "2430"]
[BlackElo "2245"]

1.d4 Nf6 2.c4 e6 3.Nc3 Bb4 4.Qc2 O-O 5.a3 Bxc3+ 6.Qxc3 b6 7.Bg5 Bb7 8.e3 d6
9.Nf3 Nbd7 10.Nd2 h6 11.Bh4 Qe7 12.f3 e5 13.d5 c6 14.dxc6 Bxc6 15.e4 a5 16.Be2 Rfc8
17.O-O d5 18.cxd5 Bxd5 19.Qe3 Be6 20.Bxf6 Qxf6 21.Rac1 Qd8 22.Bc4 Bxc4 23.Nxc4 Rc6
24.Qd3 Qc7 25.Rfd1 Nc5 26.Qe3 Ne6 27.b3 Rc8 28.a4 Nd4 29.Rb1 Nxb3 30.Nxe5 Rc3
31.Qf4 Nc1 32.Qf5 Ne2+ 33.Kf1 Qc5 34.Qxf7+ Kh7 35.Qf5+ Kg8 36.Qe6+ Kh7 37.Qf5+  1/2-1/2

[Event "Budapest FS10 GM"]
[Site "Budapest"]
[Date "1998.10.07"]
[Round "5"]
[White "Lazarev, Vladimir"]
[Black "Lukacs, Peter"]
[Result "1/2-1/2"]
[WhiteElo "2450"]
[BlackElo "2475"]

1.d4 Nf6 2.c4 e6 3.Nc3 Bb4 4.Qc2 O-O 5.a3 Bxc3+ 6.Qxc3 b6 7.Bg5 Ba6 8.e3 d6
9.Bd3 Nbd7 10.Ne2 h6 11.Bh4 c5 12.b4 cxd4 13.exd4 Rc8 14.Qb3  1/2-1/2

[Event "Budapest FS10 IM-B"]
[Site "Budapest"]
[Date "1998.10.07"]
[Round "5"]
[White "Jakab, Attila"]
[Black "Csonkics, Tunde"]
[Result "1/2-1/2"]
[WhiteElo "2245"]
[BlackElo "2225"]

1.d4 Nf6 2.c4 e6 3.Nc3 Bb4 4.Qc2 O-O 5.a3 Bxc3+ 6.Qxc3 b6 7.Nf3 Bb7 8.g3 d5
9.b3 dxc4 10.bxc4 c5 11.dxc5 Ne4 12.Qc2 Nxc5 13.Bg2 Nc6 14.Bb2 e5 15.Rd1 Qe7
16.O-O Rad8 17.Nh4 Nd4 18.Nf5 Nxf5 19.Qxf5 Bxg2 20.Kxg2 Qb7+ 21.Qf3 Qxf3+
22.Kxf3 f6 23.Bc3 a5 24.Rd5 Na4 25.Bd2 Rc8 26.Rc1 Rc6 27.c5 bxc5 28.Rc4 Nb6
29.Rcxc5 Re6 30.Bxa5 Nxd5 31.Rxd5 Kf7 32.Bb4 Rc8 33.Rd7+ Kg6 34.g4 Rec6 35.h4 R8c7
36.h5+ Kh6 37.Rd5 Rc8 38.Rd7 R8c7 39.Rd5 Rc4 40.Rd6 R4c6 41.Rd8  1/2-1/2

[Event "Budapest FS10 IM-B"]
[Site "Budapest"]
[Date "1998.10.09"]
[Round "7"]
[White "Jakab, Attila"]
[Black "Eperjesi, Laszlo"]
[Result "1/2-1/2"]
[WhiteElo "2245"]
[BlackElo "2305"]

1.d4 Nf6 2.c4 e6 3.Nc3 Bb4 4.Qc2 O-O 5.a3 Bxc3+ 6.Qxc3 d6 7.Nf3 Nbd7 8.g3 b6
9.Bg2 Bb7 10.O-O Qe7 11.b4 a5 12.Bb2 Ne4 13.Qd3 f5 14.Rfd1 Ndf6 15.Nd2 axb4
16.axb4 Rxa1 17.Rxa1 Ra8 18.Rxa8+ Bxa8  1/2-1/2

[Event "Elista ol (Men)"]
[Site "Elista"]
[Date "1998.10.09"]
[Round "10"]
[White "Sakalauskas, Vaidas"]
[Black "Bitoon, Richard"]
[Result "0-1"]
[WhiteElo "2410"]
[BlackElo "2350"]

1.d4 Nf6 2.c4 e6 3.Nc3 Bb4 4.Qc2 O-O 5.a3 Bxc3+ 6.Qxc3 b6 7.Bg5 d6 8.e3 Nbd7
9.Bd3 Ba6 10.Ne2 c5 11.Qc2 h6 12.Bh4 cxd4 13.exd4 Rc8 14.Qa4 Bb7 15.O-O d5
16.cxd5 Bxd5 17.Ba6 Rc6 18.Bb5 Rc7 19.Bg3 Rb7 20.Ba6 b5 21.Bxb5 Nb6 22.Qa6 Nc8
23.Rac1 Nh5 24.Nc3 Rb6 25.Qa4 Nxg3 26.hxg3 Bb7 27.Rfd1 a6 28.Be2 Rxb2 29.Bxa6 Nb6
30.Qa5 Qa8 31.Qe5 Qxa6 32.d5 Nc4 33.Qd4 exd5 34.Nxd5 Bxd5 35.Qxd5 Nxa3 36.Ra1 Rb5
37.Qf3 Ra5 38.Rd7 Nc4 39.Rxa5 Qxa5 40.Qe4 Ne5 41.Rd5 Qa1+ 42.Kh2 Ng6 43.f4 Rb8
44.Qd3 Rb1 45.Rd8+ Kh7  0-1

[Event "Elista ol (Men)"]
[Site "Elista"]
[Date "1998.10.09"]
[Round "10"]
[White "Kelly, Bryan"]
[Black "Urday, Henry"]
[Result "0-1"]
[WhiteElo "2405"]
[BlackElo "2475"]

1.d4 Nf6 2.c4 e6 3.Nc3 Bb4 4.Qc2 O-O 5.a3 Bxc3+ 6.Qxc3 b6 7.Bg5 Bb7 8.Nf3 h6
9.Bh4 d6 10.Nd2 Nbd7 11.f3 c5 12.e3 Rc8 13.Bd3 Ba6 14.O-O cxd4 15.exd4 Bxc4
16.Nxc4 d5 17.Qb3 dxc4 18.Bxc4 Nb8 19.Rad1 Qc7 20.Bd3 Nd5 21.Rfe1 Qf4 22.Re4 Qd6
23.Kh1 Qd7 24.Ree1 Nf4 25.Bb1 Nc6 26.Qe3 Nd5 27.Qe4 g6 28.Qd3 Nce7 29.Qd2 Kh7
30.Bf2 Nf5 31.h4 Ng7 32.Re5 h5 33.Rde1 Rc6 34.R5e2 Ne7 35.Rd1 Rd6 36.Qf4 Nc6
37.Red2 Rd8 38.Ba2 Qe7 39.Qe4 Qf6 40.d5 exd5 41.Bxd5 Nf5 42.Qc2 Ncd4 43.Bxd4 Qxh4+
44.Kg1 Rxd5 45.Bf2 Rxd2 46.Rxd2 Qg5 47.Rxd8 Qxd8 48.Qc4 Kg8 49.b3 Qd1+ 50.Kh2 Qd6+
51.Kh3 Qxa3 52.g4 hxg4+ 53.fxg4 Nd6 54.Qd5 Ne8 55.Bd4 Qd6 56.Qe4 Nc7 57.Bb2 Qd5
58.Qe3 Ne6 59.Bf6 g5 60.Kg3 Kh7 61.Be5 Nc5 62.Kh2 Kg6  0-1

[Event "Elista ol (Men)"]
[Site "Elista"]
[Date "1998.10.11"]
[Round "12"]
[White "Mohamed, Esam Ahmed Nagib"]
[Black "Garcia, Gildardo"]
[Result "1-0"]
[WhiteElo "2455"]
[BlackElo "2510"]

1.d4 Nf6 2.c4 e6 3.Nc3 Bb4 4.Qc2 O-O 5.e4 d6 6.e5 dxe5 7.dxe5 Ng4 8.Nf3 Nc6
9.a3 Bc5 10.Ne4 Nd4 11.Nxd4 Bxd4 12.Bg5 Bxf2+ 13.Qxf2 Nxf2 14.Bxd8 Nxe4 15.Bxc7 Bd7
16.Bd6 Rfc8 17.Rd1 Ba4 18.Rd4 Nc5 19.b4 Nb3 20.Rh4 a5 21.Bd3 h6 22.Ke2 axb4
23.axb4 Bc6 24.Ke3 Ra2 25.Rb1 Na1 26.b5 Bxg2 27.Rg1 g6 28.Be2 Nc2+ 29.Kf2 Bd5
30.cxd5 exd5 31.Be7 Kh7 32.Rg3  1-0

[Event "Elista ol (Men)"]
[Site "Elista"]
[Date "1998.10.12"]
[Round "13"]
[White "Inarkiev, Ernesto"]
[Black "Grosar, Aljosa"]
[Result "1/2-1/2"]
[WhiteElo "2300"]
[BlackElo "2450"]

1.d4 Nf6 2.c4 e6 3.Nc3 Bb4 4.Qc2 O-O 5.a3 Bxc3+ 6.Qxc3 Ne4 7.Qc2 f5 8.Nh3 b6
9.f3 Nf6 10.Bg5 Nc6 11.e3 d6 12.Bd3 Qe8 13.O-O-O Bd7 14.Qc3 Rb8 15.Nf4 b5
16.cxb5 Ne7 17.Bxf6 Rxf6 18.Kb1 Bxb5 19.Qxc7 g5 20.Nh5 Rf7 21.e4 Bxd3+ 22.Rxd3 fxe4
23.fxe4 Nc6 24.Qxd6 Rf2 25.Rd2 Rxd2 26.Nf6+ Kf7 27.Nxe8  1/2-1/2

[Event "Najdorf op"]
[Site "Buenos Aires"]
[Date "1998.10.27"]
[Round "4"]
[White "Cruz, Filemon"]
[Black "Slipak, Sergio"]
[Result "0-1"]
[WhiteElo "2360"]
[BlackElo "2500"]

1.d4 Nf6 2.c4 e6 3.Nc3 Bb4 4.Qc2 O-O 5.Bg5 c5 6.dxc5 Na6 7.a3 Bxc3+ 8.Qxc3 Nxc5
9.f3 Nfe4 10.Bxd8 Nxc3 11.Be7 Nb3 12.Bxf8 Kxf8 13.Rd1 Nxd1 14.Kxd1 b6 15.Kc2 Na5
16.b3 d5 17.e3 Ba6 18.Ne2 dxc4 19.b4 Nb7 20.Nc3 Nd6 21.e4 Nb5 22.Nxb5 Bxb5
23.Kc3 Rc8 24.Be2 e5 25.Ra1 Ba4 26.Bd1 Bd7 27.a4 Ke7 28.b5 Be6 29.Be2 Rd8
30.a5 a6 31.bxa6 b5 32.Kb4 Bd7 33.Kc5 Rc8+ 34.Kb6 b4 35.a7 c3 36.Bd1 c2 37.Bxc2 Rc6+
38.Kb7 Rxc2 39.Rb1 Bc6+ 40.Kb8  0-1

[Event "Hampstead GM4"]
[Site "Hampstead"]
[Date "1998.10.29"]
[Round "6"]
[White "Pedersen, Steffen"]
[Black "Mittelman, Gur"]
[Result "1-0"]
[WhiteElo "2415"]
[BlackElo "2410"]

1.d4 Nf6 2.c4 e6 3.Nc3 Bb4 4.Qc2 O-O 5.a3 Bxc3+ 6.Qxc3 b6 7.Bg5 Ba6 8.Nf3 d6
9.Nd2 h6 10.Bh4 Nbd7 11.e3 c5 12.dxc5 Nxc5 13.Bxf6 Qxf6 14.Qxf6 gxf6 15.b4 Na4
16.Ne4 Rfd8 17.O-O-O Bxc4 18.Bxc4 Rac8 19.Nxd6 Rc6 20.Kc2 Rcxd6 21.Rxd6 Rxd6
22.Bb5  1-0

[Event "Najdorf op"]
[Site "Buenos Aires"]
[Date "1998.10.30"]
[Round "7"]
[White "Soppe, Guillermo"]
[Black "Monier, Raul"]
[Result "1-0"]
[WhiteElo "2455"]
[BlackElo "2405"]

1.d4 Nf6 2.c4 e6 3.Nc3 Bb4 4.Qc2 O-O 5.e4 d6 6.a3 Bxc3+ 7.bxc3 e5 8.Bd3 Nc6
9.Ne2 b6 10.O-O Ba6 11.f4 Nd7 12.Be3 Na5 13.c5 Bxd3 14.Qxd3 exd4 15.cxd4 bxc5
16.dxc5 Nxc5 17.Bxc5 dxc5 18.Qc3 c6 19.Rad1 Qc7 20.Ng3 Nb7 21.Nf5 f6 22.e5 Rae8
23.Qh3 Rd8 24.Qb3+ Kh8 25.e6 Nd6 26.Rxd6  1-0

[Event "Corsican op"]
[Site "Bastia"]
[Date "1998.11.01"]
[Round "1"]
[White "Dao Thien Hai"]
[Black "Pellaton, Bernard"]
[Result "1-0"]
[WhiteElo "2580"]
[BlackElo "2125"]

1.d4 Nf6 2.c4 e6 3.Nc3 Bb4 4.Qc2 O-O 5.a3 Bxc3+ 6.Qxc3 Ne4 7.Qc2 f5 8.Nh3 d6
9.f3 Nf6 10.Bd2 a5 11.Bc3 Qe7 12.O-O-O e5 13.e3 e4 14.Qd2 b6 15.Nf4 Nc6 16.Kb1 a4
17.h4 Re8 18.Re1 Na5 19.h5 Nb3 20.Qf2 h6 21.d5 Bd7 22.Rh3 Kh7 23.Qg3 Qf7
24.Qg6+ Qxg6 25.hxg6+ Kg8 26.Bxf6 gxf6 27.Rxh6 exf3 28.gxf3 Nd2+ 29.Ka2 Nxf3
30.Re2 Ng5 31.Nh5 Re7 32.Rh2  1-0

[Event "Najdorf op"]
[Site "Buenos Aires"]
[Date "1998.11.01"]
[Round "9"]
[White "Llanos, Guillermo"]
[Black "Slipak, Sergio"]
[Result "1/2-1/2"]
[WhiteElo "2425"]
[BlackElo "2500"]

1.d4 Nf6 2.c4 e6 3.Nc3 Bb4 4.Qc2 O-O 5.a3 Bxc3+ 6.Qxc3 b6 7.Nf3 Bb7 8.e3 d6
9.b4 Nbd7 10.Bb2 Ne4 11.Qc2 f5 12.Bd3 Ndf6  1/2-1/2

[Event "Chigorin mem"]
[Site "St. Petersburg"]
[Date "1998.11.02"]
[Round "3"]
[White "Burmakin, Vladimir"]
[Black "Zayac, Elena"]
[Result "1-0"]
[WhiteElo "2560"]
[BlackElo "2305"]

1.d4 Nf6 2.c4 e6 3.Nc3 Bb4 4.Qc2 O-O 5.a3 Bxc3+ 6.Qxc3 b6 7.Nf3 Bb7 8.e3 c5
9.Be2 Qe7 10.O-O d6 11.b4 Nbd7 12.Bb2 Rfe8 13.Nd2 Rac8 14.dxc5 dxc5 15.b5 e5
16.f3 Nf8 17.a4 Rcd8 18.Rfd1 Ng6 19.a5 Rd6 20.axb6 axb6 21.Nf1 Rxd1 22.Bxd1 e4
23.f4 Rd8 24.Ng3 Rd3 25.Qe1 Ne8 26.Ra7 Nd6 27.Bc2 f6 28.Qe2 Nxc4 29.Bxd3 exd3
30.Qxd3 Nd6 31.Kf2 c4 32.Qd4 Qc7 33.Ba3 Nf7 34.Qe4  1-0

[Event "Chigorin mem"]
[Site "St. Petersburg"]
[Date "1998.11.03"]
[Round "4"]
[White "Belov, Vladimir"]
[Black "Aseev, Konstantin N"]
[Result "0-1"]
[WhiteElo "2355"]
[BlackElo "2525"]

1.d4 Nf6 2.c4 e6 3.Nc3 Bb4 4.Qc2 O-O 5.a3 Bxc3+ 6.Qxc3 b6 7.Nf3 c5 8.e3 Bb7
9.Be2 Qe7 10.O-O Rc8 11.dxc5 bxc5 12.b4 cxb4 13.Qxb4 d6 14.Rd1 Ne4 15.Rb1 Nc5
16.Bb2 Be4 17.Rbc1 Nc6 18.Qd2 Rab8 19.Re1 Bxf3 20.gxf3 Nb3 21.Qc3 Qg5+ 22.Kh1 Nxc1
23.Qxc1 Qc5 24.f4 Na5 25.Qc3 e5 26.fxe5 Nxc4 27.Bxc4 Qxc4 28.Qxc4 Rxc4  0-1

[Event "Wch U18 Girls"]
[Site "Oropesa del Mar"]
[Date "1998.11.07"]
[Round "11"]
[White "Xu Yuanyuan"]
[Black "Ovod, Evgenija"]
[Result "0-1"]
[WhiteElo "2240"]
[BlackElo "2390"]

1.d4 Nf6 2.c4 e6 3.Nc3 Bb4 4.Qc2 O-O 5.a3 Bxc3+ 6.Qxc3 Ne4 7.Qc2 f5 8.Nh3 b6
9.f3 Nf6 10.e3 Bb7 11.b4 c5 12.Bb2 Qe7 13.Bc3 d6 14.Bd3 Nbd7 15.O-O g6 16.Rab1 Bc6
17.Nf2 Rac8 18.dxc5 dxc5 19.b5 Ba8 20.e4 fxe4 21.Nxe4 Nh5 22.Rfe1 Nf4 23.Bf1 e5
24.Rbd1 Ne6 25.Nf2 Qg7 26.Qa4 a5 27.Bd3 Nd4 28.Be4 Bxe4 29.Rxe4 h5 30.Rde1 Rf5
31.Qd1 Rcf8 32.Nd3 g5 33.Bxd4 exd4 34.Qe2 Kh7 35.h3 R8f7 36.Re6 R5f6 37.Qe4+ Qg6
38.Re7 Qxe4 39.R1xe4 Kg7 40.R7e6 Kg6 41.Rc6  0-1

[Event "Budapest FS11 IM-A"]
[Site "Budapest"]
[Date "1998.11.13"]
[Round "7"]
[White "Kahn, Evarth"]
[Black "Tindall, Brett"]
[Result "0-1"]
[WhiteElo "2325"]
[BlackElo "2275"]

1.d4 Nf6 2.c4 e6 3.Nc3 Bb4 4.Qc2 O-O 5.Bg5 h6 6.Bh4 b6 7.e4 Bb7 8.Bd3 Be7
9.Nge2 d6 10.O-O-O Nbd7 11.e5 dxe5 12.dxe5 Ng4 13.Bg3 Qc8 14.Bh7+ Kh8 15.Rxd7 Qxd7
16.Rd1 Qe8 17.Be4 Bg5+ 18.Kb1 Bxe4 19.Nxe4 f5 20.exf6 Nxf6 21.Nxg5 hxg5 22.h4 Rd8
23.Rxd8 Qxd8 24.hxg5 Nh5 25.Be5 Qxg5 26.f4 Qxg2 27.Qd3 Qg4 28.a3 Qf5 29.Qxf5 exf5
30.Nd4 c5 31.Nc6 Rf7 32.b4 Kg8 33.b5 Nf6 34.Bb8 Rb7 35.Bxa7 Ne8 36.a4 Nd6  0-1

[Event "Budapest FS11 IM-A"]
[Site "Budapest"]
[Date "1998.11.15"]
[Round "9"]
[White "Molnar, Laszlo"]
[Black "Ostrowski, Leszek"]
[Result "0-1"]
[WhiteElo "2330"]
[BlackElo "2340"]

1.d4 Nf6 2.c4 e6 3.Nc3 Bb4 4.Qc2 O-O 5.Nf3 b6 6.g3 Bb7 7.Bg2 c5 8.dxc5 Bxc5
9.O-O Nc6 10.Bg5 Rc8 11.Rad1 Be7 12.Qd2 Na5 13.b3 a6 14.Qb2 Qc7 15.Rd3 Rfd8
16.Rfd1 h6 17.Bf4 d6 18.Ne1 Bxg2 19.Nxg2 Qc6 20.Qd2 Nb7 21.Bxh6 gxh6 22.Qxh6 Qe8
23.Qg5+ Kh8 24.g4 Nh7 25.Qh5 f6 26.Qh6 Qf8 27.Qh5 Qe8 28.Qh6 Qf7 29.Rh3 Rg8
30.f3 f5 31.gxf5 Qxf5 32.Kh1 Qg6 33.Qxg6 Rxg6 34.Ne4 Rf8 35.e3 e5 36.f4 Kg8
37.Ng3 Rf7 38.f5 Rg4 39.Rh6 Nc5 40.b4 Nd7 41.e4 Nhf6 42.Ne3 Rf4 43.Nd5 Nxd5
44.cxd5 Nf6 45.Rc1 Rg7 46.Rc7 Nxe4 47.Rg6 Rxg6 48.fxg6 Bf8 49.Nh5 Rf5 50.g7 Rxh5
51.gxf8=Q+ Kxf8 52.Rc6 Rg5 53.h3 Rg3  0-1

[Event "AMEBS"]
[Site "La Plata"]
[Date "1998.11.28"]
[Round "7"]
[White "Amura, Claudia Noemi"]
[Black "Giampa, Alejandro"]
[Result "1-0"]
[WhiteElo "2350"]
[BlackElo "2190"]

1.d4 Nf6 2.c4 e6 3.Nc3 Bb4 4.Qc2 O-O 5.a3 Bxc3+ 6.Qxc3 Ne4 7.Qc2 f5 8.e3 b6
9.Nf3 Bb7 10.b4 Nc6 11.Bd3 Ne7 12.a4 a5 13.b5 d6 14.Ba3 Rc8 15.O-O Ng6 16.c5 Bd5
17.Bc4 Bxc4 18.Qxc4 Qe7 19.Rac1 Qd7 20.Rc2 h6 21.Rfc1 Rb8 22.Qb3 Qf7 23.cxd6 cxd6
24.Rc7 Qf6 25.Qc2 Ne7 26.Ne5  1-0

[Event "Oberliga Sued W9899"]
[Site "Wuertemberg"]
[Date "1998.11.29"]
[Round "3"]
[White "Ryba, Andreas"]
[Black "Rau, Juergen"]
[Result "1/2-1/2"]
[WhiteElo "2170"]
[BlackElo "2175"]

1.d4 Nf6 2.c4 e6 3.Nc3 Bb4 4.Qc2 O-O 5.Nf3 b6 6.e3 Bb7 7.Bd3 d5 8.cxd5 exd5
9.a3 Be7 10.b4 Nbd7 11.O-O Re8 12.Bb2 c6 13.Ne2 Bd6 14.Ng3 Rc8 15.Rac1 g6
16.Rfe1 Qe7 17.Nd2 c5 18.bxc5 bxc5 19.dxc5 Nxc5 20.Qb1 Nxd3 21.Qxd3 Ne4 22.Nf3 f6
23.Red1 Nc5 24.Qb1 Kf7 25.Nd4 Na4 26.Nb5 Bb8 27.Bd4 a6 28.Nc3 Nxc3 29.Rxc3 Rc4
30.Rdc1 Rec8 31.Qb3 Bd6 32.a4 Bb4 33.R3c2 Ba3 34.Bb2 Bb4 35.Ne2 Rxc2  1/2-1/2

[Event "Budapest FS12 GM"]
[Site "Budapest"]
[Date "1998.12.05"]
[Round "1"]
[White "Zimmerman, Yuri"]
[Black "Alienkin, Aleksander"]
[Result "1/2-1/2"]
[WhiteElo "2340"]
[BlackElo "2365"]

1.d4 e6 2.c4 Nf6 3.Nc3 Bb4 4.Qc2 O-O 5.e4 c5 6.d5 exd5 7.exd5 Re8+ 8.Be2 d6
9.Be3 b5 10.h3 bxc4 11.Bxc4 Ba6 12.Bxa6 Nxa6 13.O-O-O Bxc3 14.bxc3 Qa5 15.Kb1 Rab8+
16.Ka1 Ne4 17.Ne2 Nxf2 18.Bxf2 Rxe2 19.Rd2 Rxd2 20.Qxd2 Nc7 21.Rb1 Rxb1+
22.Kxb1 Qb5+ 23.Kc1 Qf1+ 24.Be1 g6 25.Kb2 Qb5+ 26.Kc1 Qf1 27.Kb2 Qb5+ 28.Kc1 Qc4
29.Qg5 Nxd5 30.Qd8+ Kg7 31.Qxd6 Qe4 32.Bd2 c4 33.Qc5 Nf4 34.Qxa7  1/2-1/2

[Event "Clichy"]
[Site "Clichy"]
[Date "1998.12.14"]
[Round "3"]
[White "Mohamed, Esam Ahmed Nagib"]
[Black "Neiman, Emmanuel"]
[Result "1-0"]
[WhiteElo "2455"]
[BlackElo "2355"]

1.d4 Nf6 2.c4 e6 3.Nc3 Bb4 4.Qc2 O-O 5.e4 d5 6.e5 Ne4 7.Bd3 c5 8.cxd5 exd5
9.Ne2 cxd4 10.Nxd4 Nd7 11.f4 Ndc5 12.O-O Bxc3 13.bxc3 Nxd3 14.Qxd3 Qa5 15.Be3 b6
16.Rfc1 Ba6 17.Qd1 Rac8 18.Qg4 h5 19.Qxh5 Rxc3 20.Nf5 g6 21.Qg4 Bc8 22.Ne7+ Kg7
23.f5 Rxe3 24.f6+ Nxf6 25.exf6+ Kxf6 26.Qf4+ Kxe7 27.Qxe3+ Be6 28.Rc7+ Kd8
29.Qe5 Qa3 30.Rac1 Re8 31.Rc8+ Ke7 32.R1c7+ Kf8 33.Qh8+  1-0

[Event "Oxford IM"]
[Site "Oxford"]
[Date "1998.12.15"]
[Round "2"]
[White "Brooke, John"]
[Black "Cooper, Lawrence"]
[Result "0-1"]
[WhiteElo "2010"]
[BlackElo "2335"]

1.d4 Nf6 2.c4 e6 3.Nc3 Bb4 4.Qc2 O-O 5.Nf3 c5 6.dxc5 Bxc5 7.Bf4 d5 8.e3 Nc6
9.a3 Be7 10.O-O-O Qa5 11.h4 dxc4 12.Bxc4 e5 13.Bg5 Bg4 14.Bxf6 Bxf3 15.gxf3 Bxf6
16.Ne4 Be7 17.Ng5 g6 18.Qb3 Bxg5 19.hxg5 Qc7 20.Kb1 Na5 21.Qa4 Nxc4 22.Rc1 b5
23.Qxb5 Rfc8 24.Ka1 Qb6 25.Qxb6 Nxb6 26.Rcd1 Rd8 27.Rdg1 Rd2 28.f4 exf4 29.exf4 Rxf2
30.Rh6 Kg7 31.Rgh1 Rh8 32.R6h4 Nd5 33.b4 Rxf4 34.b5 Rxh4 35.Rxh4 Rb8 36.a4 Nc3
37.Rc4 Nxa4 38.Rxa4 Rxb5 39.Rxa7 Rxg5  0-1

[Event "Clichy"]
[Site "Clichy"]
[Date "1998.12.16"]
[Round "5"]
[White "Mohamed, Esam Ahmed Nagib"]
[Black "Gross, David2"]
[Result "0-1"]
[WhiteElo "2455"]
[BlackElo "2340"]

1.d4 Nf6 2.c4 e6 3.Nc3 Bb4 4.Qc2 O-O 5.e4 d5 6.e5 Ne4 7.Bd3 c5 8.cxd5 exd5
9.Ne2 cxd4 10.Nxd4 Nd7 11.f4 Ndc5 12.O-O Bxc3 13.bxc3 Qa5 14.Bxe4 Nxe4 15.a4 Bd7
16.Rf3 Rac8 17.Bb2 Rc4 18.f5 Qc7 19.Nb5 Bxb5 20.axb5 Qxe5 21.Rxa7 Qc7 22.Kh1 Qb6
23.Ra3 Qxb5 24.Bc1 Qc6 25.Re3 b5 26.f6 Qxf6 27.Rf3 Qc6 28.Bb2 b4 29.Ra7 f6
30.Qe2 Re8 31.Re3 Qc5 32.Qh5 Rf8 33.Bc1  0-1

[Event "Gudmundur Arason op 4th"]
[Site "Hafnarfjordur"]
[Date "1998.12.18"]
[Round "5"]
[White "Einarsson, Bergsteinn"]
[Black "Vidarsson, Jon G"]
[Result "1/2-1/2"]
[WhiteElo "2210"]
[BlackElo "2375"]

1.d4 Nf6 2.c4 e6 3.Nc3 Bb4 4.Qc2 O-O 5.Bg5 c5 6.e3 Nc6 7.Nf3 h6 8.Bxf6 Qxf6
9.Rd1 cxd4 10.exd4 e5 11.dxe5 Nxe5 12.Nxe5 Qxe5+ 13.Be2 Re8 14.Rd2 b6 15.O-O Bxc3
16.Qxc3 Qxc3 17.bxc3 Ba6 18.Bf3 Bxc4 19.Bxa8 Bxf1 20.Kxf1 Rxa8 21.Rxd7 Rc8
22.Rxa7 Rxc3 23.g3 b5  1/2-1/2

[Event "ROM-ch"]
[Site "Bucuresti"]
[Date "1998.12.21"]
[Round "13"]
[White "Grigore, George"]
[Black "Cosma, Ioan"]
[Result "1-0"]
[WhiteElo "2475"]
[BlackElo "2475"]

1.d4 Nf6 2.c4 e6 3.Nc3 Bb4 4.Qc2 O-O 5.a3 Bxc3+ 6.Qxc3 b6 7.Nf3 Bb7 8.g3 d6
9.Bg2 Nbd7 10.O-O h6 11.b4 Qe7 12.Bb2 Be4 13.Rfe1 c6 14.Bf1 d5 15.Nd2 Bg6
16.f3 b5 17.c5 Qd8 18.a4 a6 19.e4 Qc7 20.Ra3 dxe4 21.fxe4 Rab8 22.axb5 axb5
23.Bg2 Rfd8 24.Nb3 Nf8 25.Ra6 Ra8 26.Rxa8 Rxa8 27.Na5 N8h7 28.d5 exd5 29.exd5 cxd5
30.Bxd5 Rd8 31.Bg2 Ng5 32.Qe5 Qd7 33.Nc6 Re8 34.Ne7+ Kh7 35.c6 Nh3+ 36.Bxh3 Qxh3
37.c7 Qd7 38.Qc3 Bf5 39.c8=Q Rxc8 40.Nxc8 Qxc8 41.Qxc8 Bxc8 42.Bxf6 gxf6
43.Kf2 Kg6 44.Ke3 h5 45.Kd4 Be6 46.Rc1 f5 47.Rc5 Bd7 48.Rd5  1-0

[Event "Stavanger op 9899"]
[Site "Stavanger"]
[Date "1998.12.26"]
[Round "2"]
[White "Stohl, Igor"]
[Black "Fossan, Erik"]
[Result "1/2-1/2"]
[WhiteElo "2540"]
[BlackElo "2400"]

1.d4 Nf6 2.c4 e6 3.Nc3 Bb4 4.Qc2 O-O 5.Bg5 h6 6.Bh4 c5 7.e3 cxd4 8.exd4 d5
9.cxd5 exd5 10.Bd3 Nc6 11.Ne2 Be7 12.Qd2 Be6 13.Rd1 Qd7 14.O-O Ne4 15.Bxe4 Bxh4
16.Bc2 Bf6 17.Qd3 g6 18.Qf3 Bg7 19.h3 Rad8 20.Bb3 Na5 21.Ba4 Qd6 22.Nf4 Nc4
23.Nxe6 Qxe6 24.Rfe1 Qf6 25.Qe2 a6 26.Nxd5 Rxd5 27.Qxc4 Rxd4 28.Rxd4 Qxd4
29.Qxd4  1/2-1/2

[Event "Groningen op"]
[Site "Groningen"]
[Date "1998.12.27"]
[Round "7"]
[White "Mariano, Elia"]
[Black "Aagaard, Jacob"]
[Result "0-1"]
[WhiteElo "2250"]
[BlackElo "2420"]

1.d4 Nf6 2.c4 e6 3.Nc3 Bb4 4.Qc2 O-O 5.a3 Bxc3+ 6.Qxc3 b6 7.Bg5 Ba6 8.e3 d6
9.Bd3 Nbd7 10.b4 c5 11.dxc5 bxc5 12.b5 Bb7 13.Nf3 a6 14.O-O axb5 15.cxb5 Ra4
16.Bc2 Ra5 17.Rfd1 Rxb5 18.Rxd6 Qa5 19.Qxa5 Rxa5 20.h3 c4 21.Bh4 Nc5 22.Nd2 c3
23.Bxf6 gxf6 24.Nb1 Rc8 25.Nxc3 Na6 26.Rc1 Rxa3 27.Ne2 Ra2 28.Bd3 Rxc1+ 29.Nxc1 Ra1
30.Kh2 Nc5 31.Ne2 Ra2 32.Bc4 Rc2 33.Bb5 Kg7 34.f3 Rb2 35.Bc4 f5 36.Nd4 Kf6
37.Rd8 Rd2 38.Rb8 f4 39.Nb3 Nxb3 40.Rxb7 Na5 41.Rb4 fxe3 42.Bb5 Nb7 43.Rf4+ Ke7
44.Ba6 Nc5 45.Bb5 Rb2 46.Bc4 e2  0-1

[Event "Groningen op"]
[Site "Groningen"]
[Date "1998.12.27"]
[Round "7"]
[White "Jelen, Igor"]
[Black "Oms Pallise, Josep"]
[Result "1/2-1/2"]
[WhiteElo "2345"]
[BlackElo "2440"]

1.d4 Nf6 2.c4 e6 3.Nc3 Bb4 4.Qc2 O-O 5.a3 Bxc3+ 6.Qxc3 Ne4 7.Qc2 f5 8.Nh3 d6
9.e3 e5 10.dxe5 dxe5 11.f3 Nf6 12.Bd2 Qe7 13.Be2 a5 14.b3 Nc6 15.O-O f4 16.Nf2 Nh5
17.Bd3 g6 18.Rfe1 Qh4 19.c5 fxe3 20.Qc4+ Qxc4 21.Bxc4+ Kg7 22.Rxe3 Nf4 23.Bc3 Be6
24.Bxe6 Nxe6 25.Bxe5+ Nxe5 26.Rxe5 Nd4 27.Rd1 Rad8 28.Kf1 Kf7 29.Re3 Nc2
30.Re2 Rxd1+ 31.Nxd1 Nxa3 32.Ra2 Nb5 33.Rxa5 c6 34.Ra4 Rd8 35.Rf4+ Kg7 36.Nf2 Rd4
37.Rxd4 Nxd4 38.b4 Kf6 39.Nd3 Ke6 40.Kf2 Kd5 41.Ke3 Nc2+ 42.Kd2 Nd4 43.Kc3 Ne2+
44.Kb3 Kd4 45.Nf2 Nc3 46.Ng4 Nd5 47.Nh6 Ke3 48.Nf7 Kf2 49.Nd8 Kxg2 50.Nxb7 Kxh2
51.Nd8 h5 52.Nxc6 h4 53.b5 h3 54.b6 Nxb6 55.cxb6 Kg2 56.b7 h2 57.b8=Q h1=Q
58.Kc2 Kxf3 59.Ne5+ Kg2 60.Qb7+ Kg1 61.Nf3+ Kf2 62.Qb6+ Kg3 63.Qxg6+ Kf2
64.Qb6+ Kg3 65.Qd6+ Kf2 66.Qd2+ Kg3 67.Qg5+ Kf2 68.Ne5 Qe4+ 69.Nd3+ Ke2 70.Qh5+ Ke3
71.Qh6+ Ke2 72.Qh2+ Kf3 73.Qh3+ Ke2 74.Qh2+ Kf3 75.Kc3 Qe3 76.Qh3+ Ke4 77.Qg4+ Kd5
78.Qd7+ Ke4 79.Kc4 Qe2 80.Qd5+ Ke3 81.Qg5+ Kf3 82.Qh5+ Ke3 83.Qh3+ Ke4 84.Kc3 Qe3
85.Qh7+ Kf3 86.Qh3+ Ke4 87.Qh1+ Kf5 88.Qh5+ Kf6 89.Qe5+  1/2-1/2